| 000 | 00702nam a22002175a 4500 | ||
|---|---|---|---|
| 005 | 20160609114728.0 | ||
| 008 | 160609t2013 ii a frb 001 0 eng d | ||
| 020 | _a9788126540501 | ||
| 040 |
_aEG-ScBUE _beng _cEG-ScBUE _dEG-ScBUE |
||
| 082 | 0 | 4 |
_222 _a001.434 _bMON |
| 100 | 1 |
_aMontgomery, Douglas C. _920592 |
|
| 245 | 1 | 0 |
_aDesign and analysis of experiments / _cDouglas C. Montgomery. |
| 250 | _a8th ed., International Student version. | ||
| 260 |
_aNew Delhi : _bWiley, _cc.2013. |
||
| 300 |
_axvii,726 p. : _bill. ; _c28 cm. |
||
| 500 | _aIndex : p. 721-726. | ||
| 504 | _aBibliography : p. 715-720. | ||
| 650 | 7 |
_2BUEsh _96159 _aExperimental design. |
|
| 653 |
_bCOMSCI _cJune2016 |
||
| 942 | _2ddc | ||
| 999 |
_c21857 _d21829 |
||